| 000 | 00000nam##2200000za#4500 |
| 001 | 9.647205 |
| 003 | CaOODSP |
| 005 | 20240209132408 |
| 007 | ta |
| 008 | 150407|1997||||xxc||||| f|0| 0 eng|d |
| 020 | |a0-662-27440-7 |
| 040 | |aCaOODSP|beng |
| 043 | |an-cn--- |
| 086 | 1 |aC89-4/52-1997E |
| 110 | 2 |aAtlantic Canada Opportunities Agency. |
| 245 | 10|aAtlantic Canada and the future : |bchallenges and opportunities / |cPrepared by J. D. McNiven, J. E. Plumstead and B. R. Russell, North American Policy Group. |
| 260 | |aMoncton - New Brunswick : |bAtlantic Canada Opportunities Agency |c1997. |
| 300 | |a51p. ; |c28 cm. |
| 500 | |a"The nature of this world and the impacts and implications of globalization for Atlantic Canada and regional public policy are the subjects of this paper."--Page 3. |
| 520 | 3 |aThe nature of this world and the impacts and implications of globalization for Atlantic Canada and regional public policy are the subjects of this paper.--Page 3 |
| 563 | |aRing binding |
| 590 | |a99-02|b1999-01-15 |
| 690 | 07|aEconomic development|2gcpds |
| 720 | 1 |aMcNiven, J. D. |
| 720 | 1 |aPlumstead, J. E. |
| 720 | 1 |aRussell, B. R. |
| 775 | 08|tLa région de l'Atlantique dans l'avenir : |w(CaOODSP)9.680630 |
| 776 | 0#|tAtlantic Canada and the future : |w(CaOODSP)9.695220 |